000 00811nam a2200265Ia 4500
003 OSt
005 20221005092409.0
006 a|||||r|||| 00| 0
007 ta
008 221004b |||||||| |||| 00| 0 eng d
020 _a9780415332828 (hbk)
_c5246.5
024 _a95527
037 _b27356, 25/03/2009, Segment Book Distributors
_cTextual
040 _aCRL
_cCRL
_beng
041 _2eng
_aeng
082 _aW6, P9
100 _aPeter Fabienne
_9617226
245 0 _aDemocratic legitimacy
260 _aNew York
_bRoutledge USA
_c2009
300 _axi,164p.
_ccm.
490 _aRoutledge studies in social and political thought
650 _aPOLITICAL SCIENCE
942 _hW6, P9
_cTEXL
_2cc
999 _c998750
_d998750